[Event "26th Bosnjaci Open 2022"]
[Site "Bosnjaci"]
[Date "2022.01.08"]
[Round "8.5"]
[White "Bobanac, Miro"]
[Black "Vujnovic, Patricija"]
[Result "1-0"]
[WhiteElo "2261"]
[BlackElo "2138"]
[Annotator "TA"]
[PlyCount "166"]
[EventDate "2022.01.03"]
[EventType "swiss"]
[EventCountry "CRO"]
[SourceTitle "playchess.com"]
[Source "ChessBase"]
[SourceQuality "1"]

{[%evp 20,166,-14,-23,0,-42,-17,-41,-46,-33,-35,-109,-95,-87,-25,-25,-25,-18,-12,-52,-41,-54,-74,-56,227,220,218,224,235,227,425,218,228,230,207,183,221,194,200,197,190,185,195,189,198,191,178,182,212,167,173,135,129,96,96,96,96,71,115,103,96,70,106,96,115,115,115,115,115,115,126,113,126,126,126,106,106,100,110,94,109,96,129,126,128,126,126,121,129,70,121,0,127,126,127,119,119,119,128,105,127,99,129,100,162,154,154,113,175,173,171,161,143,137,219,148,144,71,229,218,320,129,177,54,71,71,345,245,384,71,522,447,29981,29982,29982,29978,29989,29990,29991,29986,29992,29993,29993,29993,29995,29995,29995,29988,29997]} 1. Nf3 d5 2. b3 Nf6 3. Bb2 Bf5 4. c4 e6 5. d3 h6 6. g3 Be7 7. Bg2 c6 8. O-O O-O 9. Nbd2 Bh7 10. Re1 Nbd7 11. Qc2 Qb6 {A12: English Opening: 1...c6 with b3 by White.} 12. e4 (12. Bd4 $11 {is more appropriate.} Bc5 13. Bxc5 Qxc5 14. b4) 12... dxe4 {[#]} 13. dxe4 $146 ({Predecessor:} 13. Nxe4 Nxe4 14. dxe4 Bf6 15. Rad1 Rad8 16. Nd4 Nc5 17. Qe2 Na4 18. Nxe6 Rxd1 19. Rxd1 Nxb2 20. Nxf8 Nxd1 21. Nxh7 Bd4 22. Qxd1 Bxf2+ 23. Kf1 Qd4 {½-½ (23) Lu,C (2197)-Tran,D (2077) Ho Chi Minh 2021}) 13... a5 {Black is slightly better.} 14. a3 Rfd8 15. Rad1 (15. Re2 $15) 15... Ng4 $17 16. Re2 Bf6 (16... Nc5 $1 $17 {[%cal Rc5d3]} 17. Bd4 e5 18. Nxe5 Rxd4 19. Nxg4 Ne6) 17. h3 $11 Bxb2 18. Qxb2 Ngf6 19. e5 Ne8 20. Nd4 Nc5 {Threatens to win with ...Nd3.} 21. N2f3 Nxb3 $2 {[%mdl 8192]} 22. c5 $1 $18 {[%mdl 64] Deflection} Qxc5 {...a4 is the strong threat.} 23. Qxb3 Nc7 24. Red2 (24. Qxb7 $6 Rab8 25. Qxc7 Rbc8) 24... Rab8 {[#]} (24... Rdb8 25. Qb2 Be4) 25. Qb2 (25. Nxc6 $142 $1 {[%mdl 512]} Rxd2 26. Nxd2) 25... Nd5 26. Rc1 Qa7 27. Kh2 Nb6 28. Qc3 Be4 29. Nb3 Bd5 {[#]} 30. Qxa5 $1 Ra8 31. Qxa7 Rxa7 32. Nc5 Rxa3 33. Ne1 ({Inferior is} 33. Nxb7 Rb8 $11) 33... Rb8 34. Bxd5 cxd5 35. Rb2 Nc4 36. Rxb7 Rxb7 37. Nxb7 Nxe5 38. Nc5 Ra2 ({Black should play} 38... g5) 39. Ncd3 Nc4 40. Rc2 Ra7 41. Nf3 g6 42. Nfe5 Nxe5 43. Nxe5 $16 {[%mdl 4096] Endgame KRN-KR} Kg7 44. Kg2 Rb7 45. Rc6 Kf6 46. Ng4+ Kg7 47. Rd6 h5 48. Ne5 Kf6 49. Nf3 Ke7 50. Ra6 Rc7 51. h4 Rb7 52. Nd4 Kf6 53. Kf3 Rc7 54. Nc6 (54. Ke2 $16) 54... Kf5 ({Black should try} 54... g5 $1 $14) 55. Nd4+ (55. Ke2 $16) 55... Ke5 (55... Kf6 $1 $11 {remains equal.}) 56. Ne2 Rb7 57. Ra3 Rc7 58. Ke3 Kf6 59. Nf4 Rb7 60. Nd3 Rc7 61. Ra4 Kg7 (61... e5 $16 62. f4 e4) 62. Kd4 $18 Kf6 63. Ne5 (63. f3 $142) 63... Kg7 (63... g5 $16 64. hxg5+ Kxg5) 64. Ra3 Rc2 65. f3 Rc7 {Inhibits Ra7.} 66. Rc3 Ra7 (66... Rb7 $16 {keeps fighting.} 67. Kc5 Kf6) 67. Kc5 Kf6 68. Kd6 (68. f4 $142) 68... Kf5 $2 (68... Ra6+ $16 69. Nc6 (69. Rc6 Rxc6+ 70. Nxc6 g5 $11) 69... g5) 69. Nc6 Ra1 (69... Rb7 {was called for.} 70. Ra3 g5 71. hxg5 Kxg5) 70. Nd4+ (70. Ke7 $142 {Hoping for Re3.} g5 71. hxg5) 70... Kf6 71. g4 (71. Rc7 $18) 71... hxg4 72. fxg4 {[%cal Bf3g4,Bg4g5][%mdl 32]} Ra6+ $2 {[%mdl 8192]} (72... g5 $16) 73. Nc6 {And now Rf3+ would win.} Kg7 {[#]} (73... d4 {might work better.} 74. Rf3+ Kg7) 74. Rf3 $2 (74. g5 $1 $18) 74... Ra4 $2 {[%mdl 8192] [#]} (74... g5 $16 {is more resistant.}) 75. g5 $1 {aiming for Ke7.} Rxh4 (75... Ra6 $18 76. Kd7 Kf8) 76. Ne5 {White mates.} Kg8 77. Nxf7 Re4 78. Nh6+ Kg7 79. Rf7+ Kh8 80. Ke7 d4 81. Kf8 d3 82. Rf3 Rh4 83. Rxd3 Rf4+ {Weighted Error Value: White=0.22 (precise) /Black=0.29 (precise)} 1-0

[Event "26th Bosnjaci Open 2022"]
[Site "Bosnjaci"]
[Date "2022.01.08"]
[Round "8.6"]
[White "Dabic, Stjepan"]
[Black "Zadravec, Matija"]
[Result "1/2-1/2"]
[WhiteElo "2161"]
[BlackElo "2249"]
[Annotator "TA"]
[PlyCount "60"]
[EventDate "2022.01.03"]
[EventType "swiss"]
[EventCountry "CRO"]
[SourceTitle "playchess.com"]
[Source "ChessBase"]
[SourceQuality "1"]

{[%evp 9,60,0,0,0,0,0,0,0,0,-7,14,-12,-4,-26,-16,-21,3,-20,-20,-19,-15,-31,-18,-21,-17,-44,25,20,17,20,21,21,30,21,38,20,8,4,8,10,16,8,25,16,16,0,7,7,18,0,0,0,0]} 1. Nf3 c5 2. b3 Nc6 3. Bb2 d6 4. c4 e5 5. d3 g6 6. g3 {A30: Symmetrical English: Double Fianchetto and Hedgehog.} Bg7 7. Bg2 Nge7 8. O-O O-O {[%cal Oe5e4] With the idea ...e4!} 9. Nc3 h6 10. Rb1 Be6 11. e4 Qd7 {[#]} 12. Ne1 $146 {[%cal Bf3e1,Be1c2,Bc2e3][%mdl 32]} ({Predecessor:} 12. Re1 Bg4 13. a3 Nd4 14. Nd5 Nxd5 15. cxd5 h5 16. Bxd4 cxd4 17. Qd2 Rfc8 18. Rec1 {0-1 (41) Pluess,R (1573)-Arquint,A (1967) Zuoz 2017}) 12... Bh3 (12... f5 {keeps more tension.} 13. f4 Rae8 14. Qd2 Nd4 15. Nf3 exf4 16. gxf4 Kh7) 13. Nc2 Bxg2 14. Kxg2 f5 15. f3 Rf7 (15... f4 {is more complex.} 16. Nd5 g5 17. gxf4 exf4 18. Bxg7 Kxg7 19. d4 b6) 16. Ne3 Raf8 17. Ncd5 g5 (17... f4 $15 18. gxf4 Nxd5 19. cxd5 (19. Nxd5 exf4 20. b4 Bxb2 $15) 19... Nd4) 18. exf5 Nxf5 19. Nxf5 Qxf5 20. Qe2 Ne7 21. Qe4 {Active counter play!} Qe6 22. Bc3 Nxd5 23. cxd5 Qd7 24. Bd2 b6 25. a3 Rf6 26. h3 R6f7 {The position is equal.} 27. Qg4 Qxg4 28. hxg4 Kh7 29. Rbe1 Kg6 30. Re4 Bh8 {A balanced but interesting game.  Weighted Error Value: White=0.09 (flawless) /Black=0.10 (very precise)} 1/2-1/2

[Event "26th Bosnjaci Open 2022"]
[Site "Bosnjaci"]
[Date "2022.01.08"]
[Round "8.7"]
[White "Jelecevic, Ivo"]
[Black "Lalic, Kristijan"]
[Result "0-1"]
[WhiteElo "2136"]
[BlackElo "2215"]
[Annotator "TA"]
[PlyCount "86"]
[EventDate "2022.01.03"]
[EventType "swiss"]
[EventCountry "CRO"]
[SourceTitle "playchess.com"]
[Source "ChessBase"]
[SourceQuality "1"]

{[%evp 12,86,50,29,30,0,29,-31,-39,-33,-22,-55,0,-9,0,0,0,-53,-53,-52,-75,-95,-110,-237,-229,-240,-181,-163,-90,-91,-92,-99,-89,-119,-106,-320,-327,-327,-311,-321,-304,-325,-314,-327,-325,-355,-317,-352,-354,-356,-333,-535,-445,-656,-281,-656,-660,-694,-691,-620,-554,-657,-668,-727,-681,-1075,-1029,-925,-867,-1631,-1576,-5581,-5458,-2800,-2614,-1972,-2330]} 1. e4 e5 2. Nf3 Nc6 3. Bb5 f5 4. d3 fxe4 5. dxe4 Nf6 6. O-O Bc5 7. Nc3 d6 {C63: Ruy Lopez: Schliemann/Jaenisch Defence.} 8. Bc4 Na5 9. Qd3 (9. Be2 $11) 9... Nxc4 $15 {Black is slightly better.} 10. Qxc4 {[%cal Of3e5]} Qe7 11. Bg5 Be6 (11... c6 $1 $15) 12. Nd5 $11 Bxd5 13. exd5 O-O {[#]} 14. b4 $146 (14. Nd2 $11) ({Predecessor:} 14. a4 a6 15. Nd2 Qf7 16. Bxf6 gxf6 17. b4 Ba7 18. Ne4 Rac8 19. Ra3 Kh8 20. Rf3 {1-0 (29) Garrido Outon,A (2228)-Nuevo Perez,A (2115) Dos Hermanas 2019}) 14... Bb6 $15 15. a4 {Hoping for a5.} a5 16. b5 Qf7 17. Rad1 (17. Bxf6 $17 {was called for.} Qxf6 18. Nd2) 17... Qh5 $1 $19 {Threatens to win with ...e4.} 18. Qh4 Qg6 19. Be3 Nd7 (19... Qxc2 20. Rc1 Qf5 21. Bxb6 cxb6 22. Rc7 $17) (19... Ne4 $19 {...Rxf3 is the strong threat.} 20. Bxb6 cxb6) 20. Ng5 $17 {[#]} Bxe3 $1 ({Of course not} 20... Qxc2 $6 21. Rc1 Qf5 22. Ne6 $11) 21. fxe3 Nc5 {To avoid Ne6} 22. Rxf8+ Rxf8 23. Rf1 $2 (23. c4 $17) 23... Rxf1+ $19 ({Not} 23... Qxc2 24. Nf7 Qd3 25. Qg5 Qxf1+ 26. Kxf1 $11) 24. Kxf1 {[#]} Qf6+ $1 ({And not} 24... Qxc2 25. Qg4 g6 26. Qc8+ Kg7 27. Ne6+ (27. Qxc7+ $2 Kh6 $17) 27... Nxe6 28. dxe6 $11) 25. Ke2 h6 26. Nf3 Qxh4 27. Nxh4 {[%cal Ob5b6]} Nxa4 {[%mdl 4096] Endgame KN-KN} 28. Kd2 Kf7 29. Nf5 Nb6 30. e4 Nd7 31. c4 $2 (31. Ne3 {was necessary.}) 31... b6 32. Ng3 (32. Ne3 $142 Nc5 33. Ke2) 32... g6 (32... Nc5 $142 33. Nf1 Nxe4+ 34. Ke2 h5) 33. Ne2 $2 (33. Nh1) 33... Kf6 {Black is clearly winning.} 34. Nc3 Kg5 35. Ke3 Kg4 36. Ne2 a4 {[%cal Ba5a4,Ba4a3][%mdl 32] aiming for ...a3.} 37. Nc3 a3 38. Na2 Nc5 39. Nb4 h5 {[%cal Bh6h5,Bh5h4,Bh4h3][%mdl 32]} 40. Na2 h4 41. Nb4 h3 42. g3 Nb3 {White must now prevent ...Nd4.} 43. Na2 Nd4 {Weighted Error Value: White=0.95/Black=0.16 (very precise)} 0-1

[Event "26th Bosnjaci Open 2022"]
[Site "Bosnjaci"]
[Date "2022.01.08"]
[Round "8.8"]
[White "Nemec, Vjekoslav"]
[Black "Caric, Mato"]
[Result "1-0"]
[WhiteElo "2194"]
[BlackElo "2029"]
[Annotator "TA"]
[PlyCount "57"]
[EventDate "2022.01.03"]
[EventType "swiss"]
[EventCountry "CRO"]
[SourceTitle "playchess.com"]
[Source "ChessBase"]
[SourceQuality "1"]

{[%evp 24,57,52,43,72,74,179,90,133,106,130,133,138,94,122,102,107,115,147,114,246,235,230,226,350,360,362,351,444,425,427,433,405,316,449,259]} 1. e4 c5 2. Nf3 d6 3. d4 cxd4 4. Nxd4 Nf6 5. f3 a6 6. c4 e6 7. Nc3 Be7 8. Be3 Nc6 9. Qd2 O-O 10. Be2 Qc7 11. O-O Bd7 12. Rac1 Nxd4 13. Bxd4 {[#]} Qa5 $146 {B54: Sicilian: 2...d6 3 d4 cxd4 4 Nxd4, Unusual Lines .} ({Predecessor:} 13... Rfc8 14. Rfd1 Rab8 15. Qe1 Nh5 16. Qf2 b6 17. g3 Nf6 18. b3 h6 19. Bf1 Be8 20. h3 Nd7 21. f4 {0-1 (55) Nigmatov,O (2452)-Hansen,E (2611) Chess.com INT 2019}) 14. Rfd1 {[%cal Oc3d5] Nd5! is the strong threat.} Rfd8 {[#]} (14... Qd8 $16) 15. b4 ({White should try} 15. Nd5 $1 $18 {[%cal Rd5e7][%mdl 512]} Qxd2 16. Nxe7+ Kf8 17. Rxd2 Kxe7 18. Bb6) 15... Qh5 (15... Qxb4 $2 16. Rb1 Qa5 17. Bb6 $16 (17. Rxb7 Rab8 $16)) (15... Qc7 $142) 16. a4 d5 17. e5 Ne8 18. c5 ({White should play} 18. b5) 18... Rdc8 19. Qe3 $36 {[%mdl 2048] Keeping Black busy.} f6 20. f4 {[%cal Bf3f4,Bf4f5][%mdl 32]} Qh6 21. Bf3 {[%cal Of4f5] White is much more active. Black has bad knights.} Kh8 {A mistake that costs the game.} (21... f5 $16) 22. f5 $1 $18 Qxe3+ 23. Bxe3 {[#] Threatens to win with fxe6.} fxe5 (23... Nc7 {is a better defense.} 24. fxe6 Bxe6 25. Nxd5 Nxd5) 24. fxe6 Bxe6 25. Nxd5 (25. Bxd5 Bxd5 26. Nxd5 Bd8 $16) 25... Bd8 26. Nb6 Bxb6 27. cxb6 Rxc1 28. Rxc1 Rb8 (28... Nd6 $142 29. Rd1 Nc4) 29. Rc5 {Weighted Error Value: White=0.15 (very precise) /Black=0.62} (29. b5 $142) 1-0

[Event "26th Bosnjaci Open 2022"]
[Site "Bosnjaci"]
[Date "2022.01.08"]
[Round "8.9"]
[White "Tukovic, Dario"]
[Black "Saric, Luka"]
[Result "1-0"]
[WhiteElo "2017"]
[BlackElo "2176"]
[Annotator "TA"]
[PlyCount "117"]
[EventDate "2022.01.03"]
[EventType "swiss"]
[EventCountry "CRO"]
[SourceTitle "playchess.com"]
[Source "ChessBase"]
[SourceQuality "1"]

{[%evp 11,116,8,13,0,11,0,0,-51,-23,-42,-2,-56,27,25,43,31,53,13,30,28,20,13,29,12,40,6,34,0,0,0,31,37,62,27,22,17,83,34,37,8,13,8,16,18,25,31,27,24,94,93,120,43,212,78,221,104,79,33,297,279,264,254,387,371,380,372,783,655,29963,6175,2178,505,1739,390,342,279,279,287,986,842,679,513,629,593,487,334,1299,1287,931,917,4866,4614,29988,29989,29989,29987,29988,29989,29989,29990,29990,29991,29994,29995,29998,29999,29999]} 1. d4 Nf6 2. c4 e6 3. Nc3 Bb4 4. Qc2 b6 5. a3 Bxc3+ 6. Qxc3 Bb7 7. f3 {E32: Nimzo-Indian: Classical (4 Qc2): 4...0-0.} d5 {Prevents e4.} 8. e3 O-O 9. Bd3 (9. Nh3 $11) 9... c5 $15 10. Ne2 Nbd7 11. cxd5 (11. O-O $11) 11... exd5 (11... Nxd5 $15 12. Qd2 cxd4 13. Nxd4 Ne5) 12. O-O $11 {[#]} a5 $146 ({Predecessor:} 12... c4 13. Bb1 b5 14. Qe1 a5 15. g4 Qb6 16. Qh4 g6 17. g5 Ne8 18. Qh6 Nd6 {½-½ (29) Magat,M-Chowdhury,M Churchill 2000}) 13. a4 Re8 14. Qe1 (14. Re1 {looks sharper.} Rc8 15. Qd2 Qe7 16. b3 Rc7 17. Qb2) 14... Ba6 15. Bxa6 Rxa6 16. Qf2 Qe7 17. Nc3 Nb8 18. Bd2 (18. e4 {feels hotter.} dxe4 19. Bg5 e3 20. Qh4 Nbd7 21. Rfe1) 18... Nc6 19. Rad1 Raa8 20. Nb5 c4 21. Qg3 {[%cal Oe3e4]} Rad8 22. b3 cxb3 23. Rb1 Nh5 (23... Na7 $11 24. Rxb3 Nxb5 25. Rxb5 Rd6) 24. Qh3 (24. Qc7 $16 Qxc7 25. Nxc7) 24... g6 $14 25. g4 Ng7 26. Qg3 f5 27. h3 fxg4 28. hxg4 Ne6 29. Rxb3 Ng5 (29... Nb4 $11 {keeps the balance.}) 30. Rc3 $16 Nb4 31. Rc7 (31. e4 $1 $16 {Threatens to win with Rc7.} Rc8 32. Rxc8 Rxc8 33. Bxg5 Qxg5 34. f4) 31... Qf6 $2 (31... Rd7 $14) 32. Kg2 (32. e4 $1 $18 {[%cal Re4e5] is the precise move to win. Hoping for e5.} Ne6 33. Rb7) 32... Re7 {[#]} (32... Rf8 $16 {was called for.}) 33. Rxe7 (33. e4 $1 $18 {[%cal Re4e5] and the rest is easy.} Rxc7 34. Nxc7 (34. Qxc7 Ne6 $11)) 33... Qxe7 34. Qh4 (34. Qe5 $16 Qxe5 35. dxe5) 34... Qf6 {[%mdl 8192] [#] White stays focused until the end.} ({Better is} 34... Rc8 $1 $14 35. Rc1 Rxc1 36. Bxc1 Nd3) 35. e4 $1 $18 Nxe4 36. g5 Qc6 (36... Qe6 {keeps fighting.} 37. fxe4 dxe4) 37. fxe4 dxe4 {aiming for ...e3+.} 38. Kg1 Rd5 $2 (38... e3) 39. Qf4 {[%csl Gf1][%cal Rf4f8]} Rf5 {To avoid Qf8+} 40. Qb8+ Kg7 41. Rc1 (41. Rxf5 $142 gxf5 42. Qe5+ Kg8 43. Nd6) 41... Nc2 (41... Qe6 $142 42. Rc7+ (42. Nd6 Rf8 $11) 42... Rf7 43. Rxf7+ Kxf7 44. Nd6+ Ke7 45. Qb7+ Kf8) 42. Qc7+ $2 (42. Bf4) 42... Qxc7 43. Nxc7 e3 44. Rxc2 exd2 (44... Rf2) 45. Rxd2 {d5 is the strong threat.} Rxg5+ {[%mdl 4096] Endgame KRN-KR} 46. Kf2 {Intending Ne6+ and mate.} Kf7 {To avoid Ne6} 47. d5 {[%cal Bd4d5,Bd5d6][%mdl 32]} Ke7 48. Nb5 Rg4 $2 (48... Kd7 49. Nc3 Re5) 49. d6+ Kd7 50. Rc2 Rxa4 51. Rc7+ Kd8 52. Ke3 {White mates.} Ra1 53. Ke4 h5 54. Nd4 Re1+ 55. Kd5 Rd1 56. Ke5 Re1+ 57. Kf6 Rd1 58. Ne6+ Ke8 59. Re7# {Weighted Error Value: White=0.56/Black=0.63} 1-0

[Event "26th Bosnjaci Open 2022"]
[Site "Bosnjaci"]
[Date "2022.01.08"]
[Round "8.10"]
[White "Pestek, Elvis"]
[Black "Sipic, Hrvoje"]
[Result "0-1"]
[WhiteElo "2005"]
[BlackElo "2221"]
[Annotator "TA"]
[PlyCount "64"]
[EventDate "2022.01.03"]
[EventType "swiss"]
[EventCountry "CRO"]
[SourceTitle "playchess.com"]
[Source "ChessBase"]
[SourceQuality "1"]

{[%evp 18,64,10,0,27,-14,0,5,9,-3,7,0,3,-33,-17,-16,-26,-20,-13,-29,-10,-6,-4,-6,0,0,0,0,0,0,0,0,-8,-11,-12,-114,-110,-110,-109,-532,-523,-513,-492,-575,-567,-560,-551,-5127,-1978]} 1. e4 c5 2. Nf3 Nc6 3. d4 cxd4 4. Nxd4 Nf6 5. Nc3 e6 6. a3 a6 7. Be2 Be7 8. O-O Qc7 9. Be3 {9.Be3 is better than 9.Kh1.} O-O 10. Kh1 d6 {B48: Sicilian: Taimanov: 5 Nc3 Qc7 6 Be3 a6 without Be2.} 11. Qe1 {[#]} (11. f4 $142) 11... b5 $146 ({Predecessor:} 11... Ne5 12. f4 Nc4 13. Bc1 b5 14. Qg3 Kh8 15. b3 Nb6 16. Bb2 Bd7 17. Bd3 Qc5 18. Nde2 Qh5 19. Ng1 Rab8 20. Nf3 Qg4 {½-½ (30) Schmidt,V (2109)-Qayumi,R (1725) Bad Homburg 2019}) 12. Nxc6 Qxc6 {The position is equal.} 13. Bd3 Bb7 14. f3 Nd7 15. Ne2 Ne5 16. Nd4 Qc7 17. Rd1 Bf6 18. Be2 Rfd8 19. c3 Nc4 20. Bxc4 Qxc4 21. Qg3 a5 22. Bg5 Bxg5 23. Qxg5 b4 24. cxb4 axb4 25. axb4 Qxb4 26. e5 (26. b3 $11 {remains equal.}) 26... Qa5 27. Qe7 dxe5 {[%cal Bd6e5,Be5e4,Be4e3][%mdl 32] White must now prevent ...Qd5.} 28. Nxe6 $2 {[%mdl 8192] This costs White the game.} Rxd1 $19 {Black is clearly winning.} 29. Rxd1 {[#]} Qd5 $1 {[%cal Rd5d1][%mdl 512]} 30. Rc1 (30. Rf1 fxe6) 30... fxe6 31. h3 {Intending Rc7 and mate.} e4 32. f4 e3 {Weighted Error Value: White=0.86/Black=0.05 (flawless)} 0-1

[Event "26th Bosnjaci Open 2022"]
[Site "Bosnjaci"]
[Date "2022.01.08"]
[Round "8.11"]
[White "Pasalic, Adnan"]
[Black "Grguric, Stjepan-Kresimir"]
[Result "1/2-1/2"]
[WhiteElo "1983"]
[BlackElo "2107"]
[Annotator "TA"]
[PlyCount "50"]
[EventDate "2022.01.03"]
[EventType "swiss"]
[EventCountry "CRO"]
[SourceTitle "playchess.com"]
[Source "ChessBase"]
[SourceQuality "1"]

{[%evp 11,50,44,36,34,34,37,42,39,46,43,44,30,50,29,56,46,43,18,29,40,30,33,46,26,24,24,28,0,32,16,33,22,12,-12,19,-22,-27,-49,10,0,0]} 1. d4 d5 2. c4 dxc4 3. e3 e5 4. Bxc4 exd4 5. exd4 Nf6 6. Qb3 Qe7+ ({Don't take} 6... Qxd4 7. Bxf7+ Kd8 8. Nf3 Qb4+ 9. Nc3 $16) 7. Ne2 {D20: Queen's Gambit Accepted: 3 e3 and 3 e4.} Qb4+ 8. Nbc3 Qxb3 9. Bxb3 {White is slightly better.} Bb4 10. O-O O-O 11. Bf4 Ba5 12. Rac1 {[#]} Nbd7 $146 {[%cal Bb8d7,Bd7f8,Bf8g6][%mdl 32]} ({Predecessor:} 12... Re8 13. Ng3 Bd7 14. Bg5 Ng4 {½-½ (14) Novak,R (2162)-Stevic,H (2621) Sibenik 2011}) 13. h3 Re8 14. Bh2 Nf8 15. d5 Bd7 16. Nd4 a6 {To avoid Ncb5} 17. Nf3 Ng6 18. Rfd1 Rac8 19. a3 h6 20. Ba2 b5 21. b4 Bb6 22. Re1 Bf5 23. Ne5 (23. Rxe8+ $142 Rxe8 24. a4) 23... Bd4 $11 24. Nf3 Bb6 (24... c5 $15 25. g4 Rxe1+ 26. Nxe1 Be4) 25. Ne5 Bd4 {Weighted Error Value: White=0.12 (very precise) /Black=0.13 (very precise)} 1/2-1/2

[Event "26th Bosnjaci Open 2022"]
[Site "Bosnjaci"]
[Date "2022.01.08"]
[Round "8.12"]
[White "Kovac, Petar"]
[Black "Damjanovic, Stjepan"]
[Result "1-0"]
[WhiteElo "2070"]
[BlackElo "2002"]
[Annotator "TA"]
[PlyCount "75"]
[EventDate "2022.01.03"]
[EventType "swiss"]
[EventCountry "CRO"]
[SourceTitle "playchess.com"]
[Source "ChessBase"]
[SourceQuality "1"]

{[%evp 17,74,16,38,34,38,45,65,24,53,79,39,37,89,102,112,78,79,18,75,-22,-41,-30,-34,-72,-1,0,93,-36,23,0,15,0,71,48,397,298,347,283,452,436,1105,1136,29984,29985,29988,29989,29990,29988,29988,29989,29991,29992,29993,29994,29994,29994,29995,29996,29999]} 1. d4 Nf6 2. c4 e6 3. Nc3 Bb4 4. e3 O-O 5. Bd3 d5 6. Nf3 dxc4 7. Bxc4 c5 8. O-O cxd4 9. exd4 Qc7 10. Qe2 {E54: Nimzo-Indian: Rubinstein: Main Line: 7...dxc4 8 Bxc4.} a6 11. Bg5 Bxc3 12. bxc3 (12. Bxf6 $14 {was preferrable.} gxf6 13. bxc3) 12... Nd5 13. Rac1 h6 {[#]} 14. Bd2 $146 ({Predecessor:} 14. Bxd5 exd5 15. Bh4 Be6 16. Bg3 Qa5 17. Ne5 Nd7 18. f4 Nxe5 19. dxe5 Bf5 20. Bf2 {1-0 (47) Palacios Perez,M (2129)-Cardenas Valero,J (2252) Palencia 1999}) 14... b5 {[#]} (14... Nd7 $14) 15. Bd3 $1 $16 Bb7 16. Ne5 Nd7 17. f4 (17. Qe4 $6 f5 18. Qe2 Nxe5 19. dxe5 Nb6 $11) (17. c4 $16 bxc4 18. Rxc4) 17... f5 (17... N5b6 $11) 18. g4 (18. c4 $16 bxc4 19. Nxc4 (19. Rxc4 Qd6 $14)) 18... Nxe5 $11 19. fxe5 {[%cal Rg4f5]} Ne7 {And now ...fxg4 would win.} 20. h4 {[%cal Bh2h4,Bh4h5,Bh5g6][%mdl 32]} Qc6 (20... Rac8 $17) 21. Kh2 Ng6 (21... fxg4 $11 22. Qxg4 Kh8) 22. Kh3 (22. gxf5 $16 Nxh4 23. f6) 22... Rf7 ({Black should try} 22... Rad8 $15 23. Bc2 (23. gxf5 Nxe5 24. Bc2 Nc4 $15) 23... fxg4+ 24. Kxg4 (24. Qxg4 Nxe5 25. Qg3 Rxf1 $15) 24... Ne7) 23. gxf5 (23. a4 $5) 23... exf5 24. c4 {Threatens to win with d5.} ({But not} 24. Rxf5 $2 Bc8 25. Rcf1 Ne7 $19) ({Not} 24. Bxf5 $2 {[#]} Rxf5 $1 {[%mdl 512]} 25. Rxf5 Bc8 $19) 24... Qb6 (24... Qe6 $11 {remains equal.}) 25. h5 Qxd4 $4 {[%mdl 8192] Loses the game.} 26. hxg6 $18 {The board is on fire.} Rd7 27. Rc3 {[%cal Bc1c3,Bc3b3,Bb3d3,Bd3d7,Bd7g7,Bg7h7][%mdl 32] Black must now prevent e6.} b4 (27... Be4 {keeps fighting.} 28. Bxe4 fxe4) 28. Rb3 Rad8 (28... Re8 $142 29. Bf4 (29. Bxf5 Qxd2 30. Rf2 Qxe2 $16) 29... Bc8 30. Bxf5 Rc7) 29. Bxb4 Ba8 30. Bxf5 {White mates.} Bc6 31. Rd3 Qb6 32. Be6+ Kh8 33. Bxd7 Bxd7+ {[#]} 34. Rxd7 $1 Rc8 (34... Qxg6 35. Rxd8+) 35. Bd6 Qd4 36. Qf3 Rg8 {[#]} 37. Rxg7 $1 {[%csl Gg6][%cal Rg7h7]} Qxc4 (37... Qg4+ 38. Kxg4) 38. Rh7# {Weighted Error Value: White=0.27 (precise) /Black=0.67} 1-0